000 00622nam a2200205 a 4500
005 20240913064016.0
008 991125s1962 es 000 0 spa u
020 _a8430907114
035 _aUPN01000035694
049 _aCG
050 4 _aQ175
_bP6.48
100 1 _aPopper, Karl R.
_q(Karl Raimund),
_d1902-1994
_9192
245 1 3 _aLa lógica de la investigación científica /
_cKarl R. Popper ; tr. Víctor Sánchez de Zavala.
260 _aMadrid :
_bTecnos,
_c1962.
300 _a451 p.
440 0 _aEstructura y función ;
_v8
650 4 _aCiencia
_xMetodología
_95804
650 4 _aLógica
_96206
905 _aLibro
999 _c35694
_d35694